[Event "Goodricke Open"]
[Site "Calcutta IND"]
[Date "2000.02.06"]
[EventDate "2000.02.05"]
[Round "1"]
[Result "1/2-1/2"]
[White "Koneru Humpy"]
[Black "Dinesh Sharma"]
[WhiteElo "2244"]
[BlackElo "2337"]
[PlyCount "52"]

1. c4 e5 2. Nc3 Nf6 3. g3 d5 4. cxd5 Nxd5 5. Bg2 Nb6 6. Nf3
Nc6 7. a3 Be7 8. O-O O-O 9. d3 Re8 10. Be3 Bf8 11. Rc1 Nd4
12. Ne4 c6 13. Nc5 Nxf3+ 14. Bxf3 Nd5 15. Bd2 b6 16. Ne4 c5
17. Nc3 Bb7 18. Nxd5 Bxd5 19. Bxd5 Qxd5 20. Qc2 Red8 21. Rfd1
Rd7 22. Be3 Rad8 23. f3 f5 24. Rd2 Be7 25. Rcd1 Bf6 26. b3 Rf7
1/2-1/2

[Event "Goodricke Open"]
[Site "Calcutta IND"]
[Date "2000.02.07"]
[EventDate "2000.02.05"]
[Round "2"]
[Result "0-1"]
[White "Poorna Sharma Mithrakanth"]
[Black "Koneru Humpy"]
[WhiteElo "2338"]
[BlackElo "2244"]
[PlyCount "68"]

1. e4 c6 2. d4 d5 3. Nc3 dxe4 4. Nxe4 Bf5 5. Ng3 Bg6 6. h4 h6
7. h5 Bh7 8. Nf3 Nd7 9. Bd3 Bxd3 10. Qxd3 Qc7 11. Bd2 e6
12. O-O-O O-O-O 13. c4 Ngf6 14. Ne4 c5 15. Nxf6 Nxf6 16. Bc3
cxd4 17. Nxd4 Bc5 18. g3 Qb6 19. a3 a5 20. Rh4 Rd7 21. Qe2
Rhd8 22. Qe5 Ne8 23. Rd2 f6 24. Qe4 e5 25. Nf5 Bxf2 26. Rd5
Bc5 27. Rg4 Kb8 28. Rg6 Rxd5 29. cxd5 Qb3 30. Qf3 a4 31. Nxg7
Nxg7 32. Rxg7 Rxd5 33. Rg8+ Ka7 34. Rc8 b6 0-1

[Event "Goodricke Open"]
[Site "Calcutta IND"]
[Date "2000.02.09"]
[EventDate "2000.02.05"]
[Round "4"]
[Result "1-0"]
[White "Koneru Humpy"]
[Black "Swayangsu Satyapragyan"]
[WhiteElo "2244"]
[BlackElo "2333"]
[PlyCount "151"]

1. g3 Nf6 2. Bg2 g6 3. Nf3 Bg7 4. O-O O-O 5. c4 c6 6. d4 d5
7. cxd5 cxd5 8. Ne5 Nc6 9. Nxc6 bxc6 10. Nc3 Bf5 11. Na4 Nd7
12. Be3 Nb6 13. Rc1 Rc8 14. f4 Nc4 15. Bf2 Nd6 16. e3 Qa5
17. b3 Rfe8 18. Be1 Qb5 19. g4 Be4 20. Nc3 Qa6 21. Bxe4 dxe4
22. Na4 Nb7 23. Rf2 e6 24. Bb4 f5 25. Rfc2 g5 26. fxg5 f4
27. exf4 Rcd8 28. Rd2 Rd7 29. Nc5 Nxc5 30. Bxc5 Rf7 31. Qf1
Qa5 32. Re2 e3 33. b4 Qc7 34. Rxe3 Rxf4 35. Qe2 Bxd4 36. Bxd4
Rxd4 37. Rxe6 Rf8 38. Rcxc6 Qf4 39. Rf6 Qxg4+ 40. Qxg4 Rxg4+
41. Kf2 Rb8 42. a3 Rxg5 43. Ra6 Rb7 44. Rf3 Rh5 45. Kg2 Rc7
46. Raf6 h6 47. Rf8+ Kg7 48. R8f5 Rh4 49. Kg3 Rhc4 50. R5f4
Rc1 51. Rg4+ Kh7 52. Kh4 R1c2 53. h3 R2c6 54. Kg3 Ra6 55. Kh4
Rd7 56. b5 Rb6 57. a4 a6 58. Rf5 axb5 59. Rxb5 Ra6 60. a5 Rda7
61. Ra4 Rg6 62. Rab4 Rgg7 63. Rg4 Rgd7 64. Rc4 Rg7 65. Rc6 Rg5
66. Rcc5 Rg1 67. Rc6 Rg5 68. Rxh6+ Kxh6 69. Rxg5 Re7 70. a6
Ra7 71. Ra5 Kg6 72. Kg4 Kf6 73. h4 Kg6 74. Kf4 Kf6 75. Ke4 Kg6
76. Kd4 1-0

[Event "Goodricke Open"]
[Site "Calcutta IND"]
[Date "2000.02.11"]
[EventDate "2000.02.05"]
[Round "6"]
[Result "0-1"]
[White "Koneru Humpy"]
[Black "Bogdan Lalic"]
[WhiteElo "2244"]
[BlackElo "2548"]
[PlyCount "76"]

1. Nf3 d5 2. d4 Nf6 3. Bf4 g6 4. e3 Bg7 5. h3 O-O 6. Bd3 c5
7. c3 Qb6 8. Qb3 c4 9. Qxb6 axb6 10. Bc2 b5 11. a3 Nc6 12. Ne5
Nd7 13. Nxc6 bxc6 14. e4 c5 15. dxc5 e5 16. Bg5 d4 17. b4 cxb3
18. Bxb3 Bb7 19. cxd4 exd4 20. O-O Nxc5 21. Bd5 Bxd5 22. exd5
f6 23. Bf4 Rfd8 24. d6 g5 25. Bh2 Ne4 26. Ra2 Nxd6 27. Rb2 Ra5
28. Rc2 d3 29. Rc6 Nf5 30. Rd1 Ra4 31. Rc5 Nd4 32. Kf1 Rc4
33. Rc7 Nb3 34. Nc3 d2 35. a4 Nc5 36. Nxb5 Rc1 37. Ke2 Re8+
38. Kxd2 Nb3+ 0-1

[Event "Goodricke Open"]
[Site "Calcutta IND"]
[Date "2000.02.13"]
[EventDate "2000.02.05"]
[Round "8"]
[Result "1-0"]
[White "Shankar Roy"]
[Black "Koneru Humpy"]
[WhiteElo "2338"]
[BlackElo "2244"]
[PlyCount "71"]

1. e4 d6 2. d4 Nf6 3. Nc3 g6 4. f4 Bg7 5. Nf3 O-O 6. Bd3 Na6
7. a3 c5 8. d5 Nc7 9. O-O Rb8 10. a4 b6 11. Bc4 Bg4 12. h3
Bxf3 13. Qxf3 a6 14. Qd3 b5 15. axb5 axb5 16. Nxb5 Nxb5
17. Bxb5 Nxe4 18. c3 Nf6 19. Bc4 Kh8 20. Re1 Qd7 21. b3 Rfe8
22. Ra6 Bf8 23. Ra5 Qc7 24. Ra2 Qb6 25. Rae2 e6 26. Qf3 exd5
27. Rxe8 Nxe8 28. Qxd5 Nf6 29. Qxf7 d5 30. Bf1 Bg7 31. Re7 Rg8
32. f5 gxf5 33. Bf4 c4+ 34. Be3 Qxb3 35. Bd4 Qd1 36. Bxf6 1-0

[Event "12th Goodricke Open"]
[Site "Calcutta IND"]
[Date "2001.02.15"]
[EventDate "?"]
[Round "10"]
[Result "1/2-1/2"]
[White "Koneru Humpy"]
[Black "Neelotpal Das"]
[WhiteElo "2299"]
[BlackElo "2423"]
[PlyCount "92"]

1. c4 e6 2. g3 d5 3. Bg2 Nf6 4. Nf3 Be7 5. O-O O-O 6. d4 dxc4
7. Qa4 a6 8. Qxc4 b5 9. Qc2 Bb7 10. Bg5 Nbd7 11. Nbd2 Rc8
12. Nb3 Be4 13. Qd2 Nb6 14. e3 Na4 15. Rfd1 Qd5 16. Bxf6 Bxf6
17. Qe2 Nxb2 18. Qxb2 Bxf3 19. Bxf3 Qxf3 20. Nc5 Rfd8 21. Rdc1
h5 22. h4 Qg4 23. Kh2 Rd5 24. Nd3 c5 25. Qa3 Qf3 26. Rc2 Rcd8
27. Rxc5 Rxc5 28. Qxc5 Qe2 29. Qc3 e5 30. Re1 exd4 31. exd4
Qxa2 32. Ra1 Qe6 33. Nc5 Qd5 34. Nb3 Qd6 35. Qe3 Qc6 36. Rc1
Qd7 37. Ra1 Re8 38. Qf3 Qd6 39. Qxh5 g6 40. Qf3 Kg7 41. Rd1
Rd8 42. Ra1 Qd5 43. Qxd5 Rxd5 44. Rxa6 Bxd4 45. Nxd4 Rxd4
46. Rb6 Rb4 1/2-1/2

[Event "Hampstead ENG"]
[Site "GM"]
[Date "2001.04.18"]
[EventDate "2001.04.17"]
[Round "2"]
[Result "1/2-1/2"]
[White "Koneru Humpy"]
[Black "Colin A McNab"]
[WhiteElo "2311"]
[BlackElo "2409"]
[PlyCount "117"]

1. Nf3 g6 2. g3 Bg7 3. d4 Nf6 4. Bg2 O-O 5. O-O d6 6. b3 e5
7. dxe5 dxe5 8. Ba3 Re8 9. Qxd8 Rxd8 10. Nc3 Nc6 11. Rad1 Bf5
12. Nh4 Bxc2 13. Rc1 Bf5 14. Nxf5 gxf5 15. Bxc6 bxc6 16. Be7
Rd7 17. Bxf6 Bxf6 18. Nb1 Rd6 19. Rc2 Rad8 20. Na3 Rd2
21. Rfc1 Bg5 22. Nc4 Rxc2 23. Rxc2 Rd5 24. Nxe5 Rxe5 25. f4
Bxf4 26. gxf4 Re4 27. Kg2 Rxf4 28. Rxc6 a5 29. Rxc7 Re4
30. Kf3 a4 31. Rc4 axb3 32. axb3 Re6 33. Rc2 Kg7 34. b4 Rb6
35. Rb2 Kf6 36. b5 Ke5 37. e3 h6 38. Rb4 Kd5 39. Kf4 Kc5
40. Rb2 Rxb5 41. Rxb5+ Kxb5 42. Kxf5 Kc4 43. h4 Kd3 44. Kf4 h5
45. Kf3 f5 46. Kf4 Kd2 47. e4 fxe4 48. Kxe4 Kc3 49. Ke3 Kc4
50. Ke4 Kc5 51. Ke5 Kc6 52. Kf5 Kd7 53. Kg5 Ke7 54. Kxh5 Kf7
55. Kh6 Kg8 56. Kg6 Kh8 57. h5 Kg8 58. h6 Kh8 59. h7 1/2-1/2

[Event "Hampstead ENG"]
[Site "GM"]
[Date "2001.04.20"]
[EventDate "2001.04.17"]
[Round "6"]
[Result "1/2-1/2"]
[White "Koneru Humpy"]
[Black "Harold James Plaskett"]
[WhiteElo "2311"]
[BlackElo "2461"]
[PlyCount "52"]

1. Nf3 d6 2. d4 Bg4 3. Nbd2 Nf6 4. g3 Nbd7 5. Bg2 c5 6. h3 Bh5
7. dxc5 Nxc5 8. O-O e6 9. c4 Be7 10. b4 Ncd7 11. Bb2 O-O
12. Qb3 Qc7 13. Rac1 h6 14. Rfd1 Rac8 15. a3 Rfe8 16. Qe3 Qb8
17. Bd4 e5 18. Bb2 Bd8 19. Ne4 Nxe4 20. Qxe4 Bg6 21. Qe3 e4
22. h4 Bb6 23. Nd4 Ne5 24. Qb3 a6 25. Bh3 Rcd8 26. Nf5 Bxf5
1/2-1/2

[Event "Hampstead ENG"]
[Site "GM"]
[Date "2001.04.23"]
[EventDate "2001.04.17"]
[Round "9"]
[Result "1/2-1/2"]
[White "Koneru Humpy"]
[Black "Aimen Rizouk"]
[WhiteElo "2311"]
[BlackElo "2406"]
[PlyCount "44"]

1. d4 Nf6 2. Nf3 d5 3. g3 c6 4. Bg2 Bf5 5. O-O Nbd7 6. b3 e6
7. Bb2 Bd6 8. Nbd2 O-O 9. c4 Ne4 10. a3 h6 11. Nxe4 Bxe4
12. Nd2 Bxg2 13. Kxg2 f5 14. e3 Qg5 15. Qe2 Nf6 16. b4 Ne4
17. f4 Qe7 18. Nxe4 fxe4 19. c5 Bc7 20. Bc3 b5 21. a4 a6
22. Ra2 Rfb8 1/2-1/2

[Event "FSIM June"]
[Site "Budapest HUN"]
[Date "2001.06.02"]
[EventDate "2001.06.02"]
[Round "1"]
[Result "0-1"]
[White "Nelson Castaneda"]
[Black "Koneru Humpy"]
[WhiteElo "2341"]
[BlackElo "2311"]
[PlyCount "149"]

1. e4 c6 2. d4 d5 3. Nd2 dxe4 4. Nxe4 Nd7 5. Nf3 Ngf6 6. Nxf6+
Nxf6 7. Bc4 e6 8. Qe2 Be7 9. Bd2 Qc7 10. O-O O-O 11. b4 b6
12. Rfe1 Nd5 13. Rab1 Bb7 14. Ne5 Rad8 15. Rb3 Nf6 16. Bc3 c5
17. dxc5 bxc5 18. b5 Ne4 19. Bd3 Nxc3 20. Rxc3 g6 21. h3 Bd5
22. Nc4 Qb7 23. Ne3 Bxa2 24. Ra3 c4 25. Bxg6 hxg6 26. Rxa2
Qxb5 27. Rxa7 Bc5 28. Raa1 Bd4 29. Rab1 Qc5 30. Rb7 Bxe3
31. Qxe3 Qxe3 32. Rxe3 Rd1+ 33. Kh2 Rd2 34. Rc3 Rxf2 35. Kg3
Rf5 36. Rxc4 e5 37. Rcc7 Rd8 38. Rd7 Re8 39. Re7 Rd8 40. Rbd7
Rc8 41. Rc7 Rd8 42. Rc5 Rg5+ 43. Kf2 Rd2+ 44. Kf3 Rgxg2
45. Rexe5 Rxc2 46. Rxc2 Rxc2 47. Kg4 Kg7 48. Re7 Rc4+ 49. Kg5
Rc5+ 50. Kg4 Kf6 51. Re4 Rg5+ 52. Kf4 Rg1 53. Ra4 Kg7 54. Ra8
Rh1 55. Kg4 Rd1 56. Ra7 Kf6 57. Ra6+ Ke5 58. Ra5+ Rd5 59. Ra8
f6 60. Re8+ Kd6 61. h4 Rd4+ 62. Kg3 Rd3+ 63. Kf4 Rh3 64. Kg4
Rh1 65. Re2 Rg1+ 66. Kf4 f5 67. Rh2 Ke6 68. h5 g5+ 69. Kf3
Rf1+ 70. Kg3 Ra1 71. Rb2 Ra3+ 72. Kg2 Ra6 73. Kf3 Kf6 74. Rb8
Kg7 75. Re8 0-1

[Event "FSIM June"]
[Site "Budapest HUN"]
[Date "2001.06.03"]
[EventDate "2001.06.02"]
[Round "2"]
[Result "1-0"]
[White "Koneru Humpy"]
[Black "Nathan A Resika"]
[WhiteElo "2311"]
[BlackElo "2246"]
[PlyCount "69"]

1. d4 g6 2. g3 Bg7 3. Bg2 Nf6 4. e4 d6 5. Ne2 O-O 6. O-O e5
7. c4 Nc6 8. Nbc3 Nxd4 9. Nxd4 exd4 10. Qxd4 Be6 11. Qd3 Ng4
12. b3 Ne5 13. Qc2 Nf3+ 14. Kh1 Nd4 15. Qd2 c6 16. Bb2 Qa5
17. Rad1 Rfd8 18. Qd3 Qh5 19. f3 Qa5 20. Na4 c5 21. f4 Bd7
22. Nc3 Bc6 23. Rf2 Qc7 24. f5 Be5 25. f6 Kh8 26. Qd2 Rg8
27. Nd5 Bxd5 28. exd5 a6 29. Re1 b5 30. Re4 Qd8 31. Rh4 Qf8
32. Qg5 bxc4 33. Bc1 Nf5 34. Rxf5 gxf5 35. Rxh7+ 1-0

[Event "FSIM June"]
[Site "Budapest HUN"]
[Date "2001.06.04"]
[EventDate "2001.06.02"]
[Round "3"]
[Result "1/2-1/2"]
[White "Wang Shuai"]
[Black "Koneru Humpy"]
[WhiteElo "2156"]
[BlackElo "2311"]
[PlyCount "50"]

1. e4 c6 2. d4 d5 3. Nc3 dxe4 4. Nxe4 Nd7 5. Ng5 Ngf6 6. Bd3
e6 7. N1f3 Bd6 8. Qe2 h6 9. Ne4 Nxe4 10. Qxe4 Nf6 11. Qe2 Qc7
12. Bd2 b6 13. O-O-O Bb7 14. Kb1 O-O-O 15. c4 c5 16. Bc3 Nh5
17. dxc5 Bxc5 18. g3 Nf6 19. Rhe1 Ng4 20. Rf1 Bxf3 21. Qxf3
Nxh2 22. Qa8+ Qb8 23. Qc6+ Qc7 24. Qa8+ Qb8 25. Qc6+ Qc7
1/2-1/2

[Event "FSIM June"]
[Site "Budapest HUN"]
[Date "2001.06.05"]
[EventDate "2001.06.02"]
[Round "4"]
[Result "1-0"]
[White "Koneru Humpy"]
[Black "Yu Mingyuan"]
[WhiteElo "2311"]
[BlackElo "2277"]
[PlyCount "79"]

1. Nf3 c5 2. g3 Nc6 3. d4 cxd4 4. Nxd4 Qb6 5. Nb3 Nf6 6. Bg2
e6 7. O-O d5 8. Be3 Qc7 9. a4 Be7 10. Na3 O-O 11. c3 a6
12. Bf4 Bd6 13. Bxd6 Qxd6 14. e4 Rd8 15. Re1 Qc7 16. exd5 Nxd5
17. Qe2 b6 18. Rad1 h6 19. Nd4 Nxd4 20. Rxd4 Bb7 21. Red1 Rd7
22. Nc4 Re7 23. Ne5 Rc8 24. Ng4 h5 25. Ne5 Nf6 26. Rc4 Qb8
27. Rxc8+ Qxc8 28. Bxb7 Qxb7 29. Rd8+ Kh7 30. Qd3+ g6 31. Qd6
Ne8 32. Qd4 b5 33. Nxf7 Rxf7 34. Rxe8 Rg7 35. Qd8 g5 36. Qd3+
Rg6 37. Rxe6 Qf7 38. Rxa6 bxa4 39. Kf1 Kh6 40. Rxg6+ 1-0

[Event "FSIM June"]
[Site "Budapest HUN"]
[Date "2001.06.06"]
[EventDate "2001.06.02"]
[Round "5"]
[Result "1-0"]
[White "Gyorgy Jamrich"]
[Black "Koneru Humpy"]
[WhiteElo "2271"]
[BlackElo "2311"]
[PlyCount "65"]

1. e4 c6 2. d4 d5 3. e5 Bf5 4. Nf3 e6 5. Be2 Nd7 6. O-O Ne7
7. Nh4 Bg6 8. b3 c5 9. c3 Nc6 10. Nxg6 hxg6 11. g3 Qb6 12. Be3
Rc8 13. a3 a5 14. Kg2 Be7 15. Nd2 cxd4 16. cxd4 O-O 17. Nf3
Rc7 18. h4 f6 19. exf6 Bxf6 20. Bd3 Kf7 21. Qb1 Nxd4 22. Bxg6+
Ke7 23. Rd1 e5 24. Qb2 Nc5 25. Rac1 Nxf3 26. Rxd5 Rfc8 27. Qe2
Rc6 28. Qxf3 Qb5 29. Qg4 R6c7 30. b4 axb4 31. axb4 b6 32. bxc5
Qc6 33. Be4 1-0

[Event "FSIM June"]
[Site "Budapest HUN"]
[Date "2001.06.07"]
[EventDate "2001.06.02"]
[Round "6"]
[Result "1-0"]
[White "Koneru Humpy"]
[Black "Miklos Kaposztas"]
[WhiteElo "2311"]
[BlackElo "2273"]
[PlyCount "81"]

1. Nf3 Nf6 2. g3 g6 3. Bg2 Bg7 4. O-O d5 5. d4 O-O 6. c4 c6
7. cxd5 cxd5 8. Ne5 Nc6 9. Nxc6 bxc6 10. Nc3 a5 11. b3 Ba6
12. Bf4 Nd7 13. Qd2 e6 14. Rac1 Qe7 15. Na4 Bb5 16. Nc5 Nxc5
17. Rxc5 a4 18. Rfc1 axb3 19. axb3 Rfc8 20. e4 Qd7 21. exd5
cxd5 22. Qb4 Be2 23. Qd2 Bb5 24. h4 Bf8 25. Rc7 Rxc7 26. Rxc7
Qd8 27. Qc3 h5 28. Qf3 Qf6 29. Qe3 Qd8 30. Bh3 Qe8 31. Be5 Bd7
32. g4 hxg4 33. Bxg4 Rc8 34. Rb7 Bc6 35. Qg5 Bg7 36. Re7 Qxe7
37. Qxe7 Re8 38. Qc7 Bb5 39. Bxg7 Kxg7 40. Qb7 Bd3 41. b4 1-0

[Event "FSIM June"]
[Site "Budapest HUN"]
[Date "2001.06.09"]
[EventDate "2001.06.02"]
[Round "8"]
[Result "0-1"]
[White "Csaba Berczes"]
[Black "Koneru Humpy"]
[WhiteElo "2263"]
[BlackElo "2311"]
[PlyCount "134"]

1. e4 c6 2. d4 d5 3. Nd2 dxe4 4. Nxe4 Nd7 5. Nf3 Ngf6 6. Nxf6+
Nxf6 7. Ne5 e6 8. c3 Bd6 9. Bf4 Qc7 10. Bg3 b6 11. Be2 Bb7
12. Bf3 O-O 13. O-O Rad8 14. Qe2 c5 15. dxc5 bxc5 16. Bxb7
Qxb7 17. Nc4 Bxg3 18. hxg3 Qa6 19. Rfe1 Nd7 20. Ne3 Qxe2
21. Rxe2 Nb6 22. Kf1 f5 23. f3 Kf7 24. Ke1 Rd3 25. Rd1 Rfd8
26. Rxd3 Rxd3 27. Nd1 Rd7 28. Rd2 Rb7 29. Ne3 g5 30. b3 Ke7
31. Kd1 h5 32. Kc2 Kf6 33. c4 Nd7 34. Nd1 Ke7 35. Nb2 Ne5
36. Kc3 h4 37. gxh4 gxh4 38. Nd3 Nxd3 39. Rxd3 Kf6 40. a3 a5
41. Rd8 Rg7 42. Rd2 Rb7 43. Rd8 Kg5 44. Ra8 Kf4 45. Rxa5 Kg3
46. Rxc5 Kxg2 47. Rc8 Rh7 48. Rd8 h3 49. c5 h2 50. Rd1 h1=Q
51. Rxh1 Rxh1 52. b4 Kxf3 53. Kd4 Kf4 54. c6 Rd1+ 55. Kc5 Ke5
56. b5 Rc1+ 57. Kb6 Kd6 58. a4 f4 59. a5 f3 60. a6 f2 61. a7
Ra1 62. c7 Kd7 63. Kb7 Rxa7+ 64. Kxa7 Kxc7 65. b6+ Kc6 66. b7
f1=Q 67. b8=Q Qa1+ 0-1

[Event "FSIM June"]
[Site "Budapest HUN"]
[Date "2001.06.11"]
[EventDate "2001.06.02"]
[Round "10"]
[Result "1-0"]
[White "Zoltan Nemeth"]
[Black "Koneru Humpy"]
[WhiteElo "2319"]
[BlackElo "2311"]
[PlyCount "125"]

1. Nf3 Nf6 2. g3 b6 3. Bg2 Bb7 4. O-O e6 5. c4 Be7 6. Nc3 O-O
7. d4 Ne4 8. Qc2 Nxc3 9. Qxc3 f5 10. b3 Bf6 11. Bb2 d6
12. Rfd1 Qe7 13. Rac1 Nd7 14. Ne1 Bxg2 15. Nxg2 e5 16. Qf3 Bg5
17. Qd5+ Kh8 18. Rc2 Nf6 19. Qc6 exd4 20. Bxd4 Qe4 21. Qxe4
Nxe4 22. f3 Nc5 23. Be3 Bxe3+ 24. Nxe3 a5 25. Nd5 Rf7 26. Rc3
g6 27. Re3 Kg7 28. Rd4 Kf8 29. Rh4 c6 30. Nxb6 Rb8 31. Na4
Nxa4 32. bxa4 Rb4 33. Rd4 Re7 34. Kf2 Rxa4 35. Rxd6 Rc7 36. c5
Rxa2 37. Ree6 Rc2 38. Rxc6 Rxc5 39. Rxc7 Rxc7 40. Ra6 Rc5
41. h4 Kg7 42. Ra7+ Kg8 43. e4 fxe4 44. fxe4 h6 45. Kf3 Rc3+
46. Kf4 Rc5 47. g4 g5+ 48. hxg5 hxg5+ 49. Ke3 Rc3+ 50. Kd4 Rg3
51. Rxa5 Rxg4 52. Rf5 Kg7 53. Kd5 Kg6 54. Rf8 Rf4 55. Rg8+ Kh5
56. e5 g4 57. e6 Rf1 58. e7 Rd1+ 59. Kc4 Re1 60. e8=Q+ Rxe8
61. Rxe8 g3 62. Kd3 Kg4 63. Ke2 1-0

[Event "FSIM June"]
[Site "Budapest HUN"]
[Date "2001.06.12"]
[EventDate "2001.06.02"]
[Round "11"]
[Result "1/2-1/2"]
[White "Koneru Humpy"]
[Black "Jozsef Dobos"]
[WhiteElo "2311"]
[BlackElo "2310"]
[PlyCount "78"]

1. Nf3 e6 2. g3 f5 3. Bg2 Nf6 4. c4 Be7 5. Nc3 O-O 6. O-O d6
7. d4 a5 8. Qc2 Nc6 9. a3 e5 10. dxe5 dxe5 11. Rd1 Qe8 12. Nd5
Bd8 13. Bg5 Qf7 14. Bxf6 Bxf6 15. e3 Be6 16. Nd2 e4 17. Nxf6+
Qxf6 18. Nb3 Ne5 19. Nc5 Bc8 20. b3 b6 21. Na4 Be6 22. Nc3
Rad8 23. Rxd8 Rxd8 24. Rd1 Rxd1+ 25. Qxd1 Nd3 26. Qd2 a4
27. Nxa4 Qa1+ 28. Bf1 f4 29. Qc3 Qd1 30. Nb2 Qa1 31. Na4 Qb1
32. Qd4 Qe1 33. exf4 Bh3 34. Qd5+ Kf8 35. Qd8+ Kf7 36. Qxc7+
Kf8 37. Qd8+ Kf7 38. Qc7+ Kf8 39. Qd8+ Kf7 1/2-1/2

[Event "Hotel Lippa GM"]
[Site "Szentgotthard HUN"]
[Date "2001.06.14"]
[EventDate "2001.06.13"]
[Round "2"]
[Result "0-1"]
[White "Peter Dittmar"]
[Black "Koneru Humpy"]
[WhiteElo "2374"]
[BlackElo "2311"]
[PlyCount "46"]

1. b3 e5 2. Bb2 Nc6 3. c4 Nf6 4. e3 Be7 5. Nf3 d6 6. d4 exd4
7. Nxd4 O-O 8. Nxc6 bxc6 9. Be2 Bf5 10. Nc3 Ne4 11. Nxe4 Bxe4
12. Bf3 f5 13. O-O Bf6 14. Bxf6 Qxf6 15. Bxe4 fxe4 16. Qd4 Qe6
17. c5 d5 18. b4 Rf5 19. Rab1 Raf8 20. b5 Rg5 21. Kh1 Qg4
22. Rg1 Rxf2 23. Qd1 Qh4 0-1

[Event "Hotel Lippa GM"]
[Site "Szentgotthard HUN"]
[Date "2001.06.16"]
[EventDate "2001.06.13"]
[Round "4"]
[Result "1/2-1/2"]
[White "Julian Estrada Nieto"]
[Black "Koneru Humpy"]
[WhiteElo "2371"]
[BlackElo "2311"]
[PlyCount "78"]

1. e4 c6 2. d4 d5 3. Nd2 dxe4 4. Nxe4 Nd7 5. Ng5 Ngf6 6. Bd3
e6 7. Qe2 Bd6 8. N1f3 h6 9. Ne4 Nxe4 10. Qxe4 Nf6 11. Qe2 b6
12. Bd2 Qc7 13. O-O-O Bb7 14. Ne5 O-O-O 15. f4 Rhe8 16. Rhf1
c5 17. dxc5 Bxc5 18. g4 Nd5 19. a3 Bd4 20. Kb1 Kb8 21. c3 Bc5
22. c4 Nf6 23. g5 Ng8 24. h4 f6 25. Ng6 Qc6 26. Rfe1 Qg2
27. Qxg2 Bxg2 28. Be4 Bf2 29. Re2 Bxe4+ 30. Rxe4 Ne7 31. Nxe7
Rxe7 32. gxf6 gxf6 33. Re2 Bxh4 34. Rh1 Bg3 35. Bc3 e5
36. Rxh6 Bxf4 37. Rxf6 Rde8 38. a4 Re6 39. Rf7 R8e7 1/2-1/2

[Event "Hotel Lippa GM"]
[Site "Szentgotthard HUN"]
[Date "2001.06.17"]
[EventDate "2001.06.13"]
[Round "5"]
[Result "1-0"]
[White "Koneru Humpy"]
[Black "Nenad Fercec"]
[WhiteElo "2311"]
[BlackElo "2433"]
[PlyCount "81"]

1. Nf3 Nc6 2. d4 d5 3. g3 Bf5 4. Bg2 Qd7 5. c3 f6 6. b4 g5
7. Nbd2 e6 8. a4 Nge7 9. Ba3 Ng6 10. b5 Nce7 11. Nb3 b6
12. Nfd2 e5 13. h3 e4 14. e3 Be6 15. c4 f5 16. cxd5 Nxd5
17. Bxf8 Rxf8 18. Qc1 h5 19. Bf1 h4 20. gxh4 Nxh4 21. Be2
O-O-O 22. Nc4 Nb4 23. a5 Kb8 24. Ne5 Qe7 25. Qc3 Bd5 26. Nd2
f4 27. Ra4 fxe3 28. fxe3 bxa5 29. Rxa5 Nf3+ 30. Bxf3 exf3
31. Kf2 Qh7 32. Nc6+ Kc8 33. h4 Qd3 34. Qxd3 Nxd3+ 35. Kf1
Bxc6 36. bxc6 Kb8 37. hxg5 Ka8 38. Rh3 Rb8 39. Rxf3 Rb1+
40. Nxb1 Rxf3+ 41. Ke2 1-0

[Event "Hotel Lippa GM"]
[Site "Szentgotthard HUN"]
[Date "2001.06.18"]
[EventDate "2001.06.13"]
[Round "6"]
[Result "0-1"]
[White "Gabor Kovacs"]
[Black "Koneru Humpy"]
[WhiteElo "2366"]
[BlackElo "2311"]
[PlyCount "64"]

1. c4 e5 2. Nc3 Nf6 3. Nf3 Nc6 4. a3 d5 5. cxd5 Nxd5 6. Qc2
Be7 7. e3 a6 8. Be2 O-O 9. O-O Be6 10. Na4 f5 11. d3 Nb6
12. Nc5 Bxc5 13. Qxc5 Qd6 14. Qc2 a5 15. b3 Kh8 16. Bb2 f4
17. d4 e4 18. Qxe4 Bxb3 19. Nd2 Bf7 20. Qd3 Bg6 21. Qb3 a4
22. Qd1 fxe3 23. fxe3 Qe7 24. Rxf8+ Rxf8 25. Nf1 Nd5 26. Qd2
Re8 27. Bc1 Ra8 28. Bc4 Nf6 29. Bd3 Na5 30. Bc2 b5 31. Bb2 Nc4
32. Qc3 Nd5 0-1

[Event "Hotel Lippa GM"]
[Site "Szentgotthard HUN"]
[Date "2001.06.19"]
[EventDate "2001.06.13"]
[Round "7"]
[Result "1-0"]
[White "Koneru Humpy"]
[Black "Istvan Csom"]
[WhiteElo "2311"]
[BlackElo "2431"]
[PlyCount "77"]

1. Nf3 Nf6 2. b3 g6 3. Bb2 Bg7 4. g3 O-O 5. Bg2 c6 6. O-O d6
7. d4 Bf5 8. h3 Qc8 9. Kh2 c5 10. c4 cxd4 11. Nxd4 Be4 12. Nc3
Bxg2 13. Kxg2 Nbd7 14. e4 a6 15. Qe2 e6 16. Rad1 Qc7 17. Kh2
Rfd8 18. f4 b6 19. f5 Re8 20. Qg2 Qb7 21. fxe6 fxe6 22. Rfe1
Ne5 23. Ba3 Rad8 24. Nf3 Nh5 25. Nd4 Nc6 26. e5 Bxe5 27. Rxe5
dxe5 28. Nxc6 Rxd1 29. Nxd1 Qc7 30. Nf2 e4 31. Nxe4 a5 32. Nd6
Rf8 33. Nb5 Qf7 34. Bxf8 Qxf8 35. Qe2 Qf6 36. Nbd4 Ng7 37. Kg2
h6 38. Qe5 Qf7 39. Nd8 1-0

[Event "Hotel Lippa GM"]
[Site "Szentgotthard HUN"]
[Date "2001.06.20"]
[EventDate "2001.06.13"]
[Round "8"]
[Result "1/2-1/2"]
[White "Zoltan Varga"]
[Black "Koneru Humpy"]
[WhiteElo "2503"]
[BlackElo "2311"]
[PlyCount "92"]

1. e4 c6 2. c4 d5 3. cxd5 cxd5 4. exd5 Qxd5 5. Nc3 Qd6 6. d4
e6 7. Nf3 Nf6 8. Bc4 Be7 9. Ne5 O-O 10. Bf4 Qb6 11. Bb3 Nc6
12. Be3 Na5 13. O-O Nxb3 14. axb3 Nd5 15. Qc2 Bf6 16. Ne4 Be7
17. Ra4 f6 18. Nd3 Bd7 19. Raa1 Rac8 20. Nec5 Bb5 21. Qd2 e5
22. b4 Rfd8 23. Rfd1 Nxe3 24. fxe3 exd4 25. exd4 Rxd4 26. Qe3
Rxb4 27. Qxe7 Bxd3 28. Rac1 Rc4 29. Rxc4 Bxc4 30. b4 Bb5
31. Qxb7 Qxb7 32. Nxb7 Rc7 33. Nc5 a5 34. Rd8+ Kf7 35. Rb8 Bc4
36. Rb7 Rxb7 37. Nxb7 axb4 38. Nd6+ Ke6 39. Nxc4 Kd5 40. Nb2
Kd4 41. Kf2 b3 42. Kf3 Kc3 43. Na4+ Kb4 44. Nb2 Kc3 45. Na4+
Kb4 46. Nb2 Kc3 1/2-1/2

[Event "Hotel Lippa GM"]
[Site "Szentgotthard HUN"]
[Date "2001.06.21"]
[EventDate "2001.06.13"]
[Round "9"]
[Result "1-0"]
[White "Koneru Humpy"]
[Black "Franz Hoelzl"]
[WhiteElo "2311"]
[BlackElo "2381"]
[PlyCount "51"]

1. Nf3 c5 2. b3 b6 3. g3 Bb7 4. Bg2 Nf6 5. Bb2 e6 6. O-O Be7
7. d4 O-O 8. c4 Ne4 9. Nc3 Na6 10. e3 Bf6 11. Rc1 Re8 12. Qe2
Qc8 13. Nb5 Be7 14. Rfd1 Nb4 15. a3 Nc6 16. d5 exd5 17. cxd5
Ba6 18. dxc6 dxc6 19. Qc2 Nxf2 20. Qxf2 cxb5 21. Ne5 Bf6
22. Bxa8 Qxa8 23. Rd7 Bc8 24. Rxf7 Bh3 25. Rxf6 gxf6 26. Nd7
1-0

[Event "Hotel Lippa GM"]
[Site "Szentgotthard HUN"]
[Date "2001.06.22"]
[EventDate "2001.06.13"]
[Round "10"]
[Result "0-1"]
[White "Emilijo Fucak"]
[Black "Koneru Humpy"]
[WhiteElo "2353"]
[BlackElo "2311"]
[PlyCount "90"]

1. e4 c6 2. d4 d5 3. exd5 cxd5 4. c3 Nc6 5. Bd3 g6 6. Nf3 Bg7
7. O-O Nf6 8. Re1 O-O 9. h3 Bf5 10. Ne5 Ne4 11. Nxc6 bxc6
12. Qc2 Qc7 13. Nd2 Nd6 14. Bxf5 Nxf5 15. Nf3 c5 16. g4 Nd6
17. dxc5 Qxc5 18. Rxe7 Ne4 19. Rb7 Qc6 20. Rb4 a5 21. Ra4 f5
22. g5 f4 23. Bd2 Qd7 24. Kg2 Nxd2 25. Nxd2 f3+ 26. Nxf3 Rxf3
27. Kxf3 Qxh3+ 28. Ke2 Re8+ 29. Kd2 Qf3 30. Rd1 Re2+ 31. Kc1
Rxc2+ 32. Kxc2 Qxf2+ 33. Rd2 Qf5+ 34. Rd3 Qf2+ 35. Rd2 Qc5
36. Rd3 d4 37. b4 axb4 38. Rxb4 Qxg5 39. cxd4 Qd5 40. a4 h5
41. Kd1 h4 42. Rb5 Qc4 43. Rbb3 Bxd4 44. a5 g5 45. a6 Qxa6 0-1

[Event "Hotel Lippa GM"]
[Site "Szentgotthard HUN"]
[Date "2001.06.23"]
[EventDate "2001.06.13"]
[Round "11"]
[Result "1/2-1/2"]
[White "Koneru Humpy"]
[Black "Vasik G Rajlich"]
[WhiteElo "2311"]
[BlackElo "2337"]
[PlyCount "39"]

1. Nf3 Nf6 2. g3 Nc6 3. Bg2 e5 4. d3 Bb4+ 5. c3 Be7 6. O-O O-O
7. b4 a6 8. a3 d5 9. Nbd2 Bg4 10. h3 Bh5 11. e4 dxe4 12. dxe4
Qd3 13. Re1 Rad8 14. Qe2 Qxe2 15. Rxe2 Rd3 16. Bb2 Rfd8 17. g4
Bg6 18. Nc4 Rd1+ 19. Rxd1 Rxd1+ 20. Kh2 1/2-1/2